000 01206nam a2200265 a 4500
001 ASIN0618749373
005 20170105102902.0
008 131011s2007 xxu eng d
020 _a0618749373 (paperback)
_c$117.95
020 _a9780618749379 (paperback)
040 _a0
050 0 4 _aDS557.7
082 0 4 _a959.7043
100 1 _aMcMahon, Robert.
245 1 0 _aMajor problems in the history of the vietnam war :
_bdocuments and essays /
_cRobert McMahon.
250 _a4th ed.
260 _a[S.l.] :
_bCengage Learning,
_c2007.
300 _a568 p. ;
_c24 cm.
490 1 _aMajor problems in american history (wadsworth)
520 _aDesigned to encourage critical thinking about history, the Major Problems in American History series introduces students to both primary sources and analytical essays on important topics in U.S. history. Major Problems in the History of the Vietnam War incorporates new research expands its coverage of the experiences of average soldiers.
650 0 _aVietnam War (1961-1975)
830 0 _aMajor problems in american history (wadsworth)
856 4 0 _3Amazon.com
_uhttp://www.amazon.com/exec/obidos/ASIN/0618749373/chopaconline-20
942 _2ddc
_cBK
999 _c14680
_d14680